Wszystkie powiaty woj. Lubelskiego - Statystyki

Ogólne statystyki
  • Ten quiz został rozwiązany 10 razy
  • Średni wynik to 21 z 24
Statystyki odpowiedzi
Tablica Rej. Powiat % Poprawnych
LC Chełm
100%
LCH Chełmski
100%
LKR Kraśnicki
100%
LLB Lubartowski
100%
LUB Lubelski
100%
LU Lublin
100%
LOP Opolski
100%
LBL Biłgorajski
89%
LLU Łukowski
89%
LPU Puławski
89%
LRA Radzyński
89%
LRY Rycki
89%
LSW Świdnicki
89%
LTM Tomaszowski
89%
LZA Zamojski
89%
LZ Zamość
89%
LB Biała Podlaska
78%
LBI Bialski
78%
LHR Hrubieszowski
78%
LJA Janowski
78%
LPA Parczewski
78%
LWL Włodawski
78%
LKS Krasnostawski
67%
LLE Łęczyński
44%
Nie znaleziono quizów pasujących do podanych kryteriów
Rozkład punktacji
Procent ludzi z każdym wynikiem
Percentyl według liczby udzielonych odpowiedzi
Twoja historia wyników
Nie rozwiązałeś tego quizu